Mediciones contables (Registro nro. 196)
[ vista simple ]
| 000 -LEADER | |
|---|---|
| fixed length control field | 00911 a2200229 4500 |
| 001 - CONTROL NUMBER | |
| control field | 1896 |
| 005 - DATE AND TIME OF LATEST TRANSACTION | |
| control field | 20260407155419.0 |
| 008 - FIXED-LENGTH DATA ELEMENTS--GENERAL INFORMATION | |
| fixed length control field | 260407a2009 arg spa d |
| 003 - CONTROL NUMBER IDENTIFIER | |
| control field | AR-UNSa-BCEJYS |
| 040 ## - CATALOGING SOURCE | |
| Original cataloging agency | AR-UNSa-BCEJYS |
| Language of cataloging | spa |
| Transcribing agency | AR-UNSa-BCEJYS |
| 080 ## - UNIVERSAL DECIMAL CLASSIFICATION NUMBER | |
| Universal Decimal Classification number | 657 |
| Common auxiliary subdivision | Contabilidad |
| 020 ## - INTERNATIONAL STANDARD BOOK NUMBER | |
| International Standard Book Number | 978-987-1577-21-7 |
| 041 ## - LANGUAGE CODE | |
| Language code of text/sound track or separate title | spa |
| 100 1# - MAIN ENTRY--PERSONAL NAME | |
| Personal name | Petti, Ana María |
| 245 10 - TITLE STATEMENT | |
| Title | Mediciones contables |
| Name of part/section of a work | ajuste y valuación. moneda homogenea, valores corrientes |
| 264 #1 - PRODUCTION, PUBLICATION, DISTRIBUTION, MANUFACTURE, AND COPYRIGHT NOTICE | |
| Place of production, publication, distribution, manufacture | Buenos Aires : |
| Name of producer, publisher, distributor, manufacturer | Osmar D. Buyatti |
| Date of production, publication, distribution, manufacture, or copyright notice | 2009 |
| 300 ## - PHYSICAL DESCRIPTION | |
| Extent | 251 p. |
| Dimensions | 22 cm. |
| 505 ## - FORMATTED CONTENTS NOTE | |
| Formatted contents note | 1. Modelos contables - 2. Reconocimiento y apropiación de resultados - 3. Reexpresión de estados contables en moneda homogénea. Ajuste integral |
| 590 ## - LOCAL NOTE (RLIN) | |
| Local note | niveau_biblio:m niveau_hierar:0 |
| 856 41 - ELECTRONIC LOCATION AND ACCESS | |
| Uniform Resource Identifier | <a href="https://biblioeco.unsa.edu.ar/pmb/images/libros/Mediciones contables ajuste y valuacion2-l117946.jpg">https://biblioeco.unsa.edu.ar/pmb/images/libros/Mediciones contables ajuste y valuacion2-l117946.jpg</a> |
| Link text | Imagen de portada |
| Electronic format type | image/jpeg |
| 942 ## - ADDED ENTRY ELEMENTS (KOHA) | |
| Koha item type | |
| Withdrawn status | Lost status | Damaged status | Not for loan | Home library | Current library | Shelving location | Date acquired | Total checkouts | Full call number | Barcode | Date last seen | Price effective from | Koha item type | Public note |
|---|---|---|---|---|---|---|---|---|---|---|---|---|---|---|
| Biblioteca Prof. Eusebio Cleto del Rey | Biblioteca Prof. Eusebio Cleto del Rey | 07/04/2026 | 657 P511m | L117946 | 07/04/2026 | 07/04/2026 | Libro | 3 PRIMERAS HOJAS CON MANCHAS - HASTA PÁG 50 ARRUGADAS (PARTE CENTRO INFERIOR) | ||||||
| Biblioteca Prof. Eusebio Cleto del Rey | Biblioteca Prof. Eusebio Cleto del Rey | 07/04/2026 | 657 P511m | L117947 | 07/04/2026 | 07/04/2026 | Libro | PARTIDO EN PÁG 46 - CANTO SUCIO Y MANCHADO - PAG 45 A 54 UN POCO ARRUGADAS (PARTE CENTRO SUPERIOR) | ||||||
| Biblioteca Prof. Eusebio Cleto del Rey | Biblioteca Prof. Eusebio Cleto del Rey | 07/04/2026 | 657 P511m | L117948 | 07/04/2026 | 07/04/2026 | Libro | PÁG 13,15,29 Y 31 CON LÁPIZ LEVES - PÁG 75 A 85 - CANTO SUCIO | ||||||
| Biblioteca Prof. Eusebio Cleto del Rey | Biblioteca Prof. Eusebio Cleto del Rey | 07/04/2026 | 657 P511m | L117949 | 07/04/2026 | 07/04/2026 | Libro | HOJAS SEMIDOBLADAS (CENTRO SUPERIOR) - PÁG 13 A 15 Y 36 A 38 CON LÁPIZ - PÁG 53 CON LAPICERA (CRUZ) - HOJAS MANCHADAS | ||||||
| Biblioteca Prof. Eusebio Cleto del Rey | Biblioteca Prof. Eusebio Cleto del Rey | 07/04/2026 | 657 P511m | L117950 | 07/04/2026 | 07/04/2026 | Libro | PÁG 22 Y 23 CON MANCHA - PRIMERAS 2 PÁGINAS ARRUGADAS | ||||||
| Biblioteca Prof. Eusebio Cleto del Rey | Biblioteca Prof. Eusebio Cleto del Rey | 07/04/2026 | 657 P511m | L117952 | 07/04/2026 | 07/04/2026 | Libro | DESDE PÁG 14 HASTA 34 CON LÁPIZ - CON MANCHAS HACIA CANTO DERECHO | ||||||
| Biblioteca Prof. Eusebio Cleto del Rey | Biblioteca Prof. Eusebio Cleto del Rey | 07/04/2026 | 657 P511m | L117953 | 07/04/2026 | 07/04/2026 | Libro | PARTIDO EN PÁG 142 - PÁG 143 MARCADA - HOJAS DOBLADAS HASTA PÁG 106 EN ESQUINA SUPERIOR DERECHA | ||||||
| Biblioteca Prof. Eusebio Cleto del Rey | Biblioteca Prof. Eusebio Cleto del Rey | 07/04/2026 | 657 P511m | L117954 | 07/04/2026 | 07/04/2026 | Libro | CANTO SUCIO - PARTIDO EN PÁG 76 Y HOJA MEDIO SUELTA - HOJAS CON MANCHAS EN EL CENTRO DE 17 A 31- HOJAS CON MANCHAS 137,13 |